[Event "EYg18, Budva YUG"]
[Site "?"]
[Date "2003.??.??"]
[Round "9"]
[White "Andriasian, S."]
[Black "Valickova, M."]
[Result "1-0"]
[WhiteElo "2160"]
[BlackElo "2045"]
[PlyCount "63"]
[EventDate "2003.??.??"]

1. e4 e5 2. Nf3 Nc6 3. Nc3 Nf6 4. Bb5 Bb4 5. d3 d6 6. O-O Bxc3 7. bxc3 O-O 8.
Bxc6 bxc6 9. Qe2 Qe7 10. Nd2 d5 11. Re1 Re8 12. Bb2 Rb8 13. Rab1 Bg4 14. Qe3
Nh5 15. exd5 cxd5 16. c4 dxc4 17. Nxc4 f6 18. Ba3 Qd8 19. Qxa7 Ra8 20. Qc5 Nf4
21. f3 Be6 22. Rb7 Bd5 23. Rb5 Kh8 24. Ra5 Rxa5 25. Nxa5 Qa8 26. Bc1 Ne6 27.
Qc3 Bxa2 28. Nb3 Bxb3 29. Qxb3 Nd4 30. Qc4 Re6 31. c3 Qc6 32. cxd4 1-0

[Event "EYg18, Budva YUG"]
[Site "?"]
[Date "2003.??.??"]
[Round "9"]
[White "Muhren, B."]
[Black "Svent, S."]
[Result "0-1"]
[WhiteElo "2110"]
[BlackElo "1960"]
[PlyCount "72"]
[EventDate "2003.??.??"]

1. e4 c5 2. Nf3 d6 3. d4 cxd4 4. Nxd4 Nf6 5. Nc3 a6 6. Be3 e5 7. Nb3 Be6 8. f3
Be7 9. Qd2 O-O 10. O-O-O Qc7 11. g4 Nbd7 12. Kb1 Rfb8 13. g5 Nh5 14. Nd5 Bxd5
15. Qxd5 b5 16. Nd2 Nb6 17. Qb3 Rb7 18. Be2 Rab8 19. Nf1 Nc4 20. Bc1 Nf4 21.
Bxf4 exf4 22. h4 a5 23. Rd5 g6 24. h5 Bf8 25. hxg6 hxg6 26. Qd3 Bg7 27. b3 a4
28. Kc1 axb3 29. Qxb3 Bb2+ 30. Kd1 Bg7 31. Ke1 Ra7 32. Rxb5 Rxb5 33. Qxb5 Na3
34. Qd3 Nxc2+ 35. Kf2 Qc5+ 36. Kg2 Ne1+ 0-1

[Event "EYg18, Budva YUG"]
[Site "?"]
[Date "2003.??.??"]
[Round "9"]
[White "Ahmatovic, M."]
[Black "Bashkite, V."]
[Result "0-1"]
[WhiteElo "2030"]
[BlackElo "2115"]
[PlyCount "108"]
[EventDate "2003.??.??"]

1. c4 c5 2. Nc3 Nc6 3. g3 g6 4. Bg2 Bg7 5. e4 d6 6. Nge2 Rb8 7. O-O Be6 8. d3
a6 9. Rb1 b5 10. b3 bxc4 11. dxc4 Qd7 12. Bd2 Bh3 13. Qc1 Bxg2 14. Kxg2 h5 15.
h4 Nf6 16. Nf4 Qb7 17. Nfd5 Nd7 18. f3 e6 19. Nf4 Nde5 20. Nce2 Ke7 21. a3 a5
22. Qc2 Qa6 23. Rbc1 Rb7 24. Nd3 Rhb8 25. Nxe5 Bxe5 26. Rb1 a4 27. bxa4 Rb2 28.
Rxb2 Rxb2 29. Qd3 Qxa4 30. f4 Rb3 31. Nc3 Bxc3 32. Bxc3 Qxa3 33. Rf3 Nd4 34.
Re3 Qa2+ 35. Kh3 Rb1 36. Be1 Nc2 37. Qd2 Qxc4 38. Re2 Nd4 39. Rf2 Nb3 40. Qe3
Rd1 41. f5 gxf5 42. exf5 Qg4+ 43. Kh2 Nd4 44. f6+ Kd7 45. Qa3 Nb5 46. Qb3 Nc7
47. Ba5 Qd4 48. Rb2 Qg1+ 49. Kh3 Qh1+ 50. Rh2 Qf1+ 51. Rg2 Rb1 52. Qa4+ Qb5 53.
Qa2 Nd5 54. Bd2 Rh1+ 0-1

[Event "EYg16, Budva YUG"]
[Site "?"]
[Date "2003.??.??"]
[Round "1"]
[White "Borosova, Z."]
[Black "Zawadzka, J."]
[Result "1/2-1/2"]
[WhiteElo "2055"]
[BlackElo "2275"]
[PlyCount "99"]
[EventDate "2003.??.??"]

1. e4 c5 2. Nf3 d6 3. d4 cxd4 4. Nxd4 Nf6 5. Nc3 a6 6. Bc4 e6 7. Bb3 b5 8. O-O
Be7 9. f4 O-O 10. f5 e5 11. Nde2 Bb7 12. Ng3 Nbd7 13. Bg5 Rc8 14. a3 Nb6 15.
Bxf6 Bxf6 16. Nh5 Nc4 17. Bxc4 Rxc4 18. Qe2 Kh8 19. Rad1 Bg5 20. Rd3 g6 21. Ng3
Bf4 22. Qd1 Qh4 23. fxg6 fxg6 24. Rxd6 Bxe4 25. Rxf4 Qxf4 26. Ncxe4 Rxe4 27.
Nxe4 Qe3+ 28. Kh1 Qxe4 29. Rd8 Qf5 30. Rxf8+ Qxf8 31. h3 Qe7 32. Qe2 e4 33. a4
e3 34. axb5 axb5 35. Kg1 Qe5 36. c3 Qf4 37. b3 Qe4 38. c4 bxc4 39. bxc4 Qd4 40.
Kh2 Kg7 41. Kg1 Qd2 42. Kf1 Qc1+ 43. Qe1 Qxc4+ 44. Kg1 Qc5 45. Qe2 Qc1+ 46. Qf1
Qd2 47. Qa1+ Kh6 48. Qf6 Qc1+ 49. Kh2 Qc7+ 50. Kg1 1/2-1/2

[Event "EYg16, Budva YUG"]
[Site "?"]
[Date "2003.??.??"]
[Round "1"]
[White "Rogule, L."]
[Black "Kozak, Ma"]
[Result "1-0"]
[WhiteElo "2250"]
[BlackElo "2055"]
[PlyCount "53"]
[EventDate "2003.??.??"]

1. c4 Nf6 2. Nc3 e6 3. e4 d5 4. e5 Nfd7 5. d4 dxc4 6. Nf3 Nb6 7. Be3 Bb4 8. Ng5
Nd5 9. Qh5 Qe7 10. Bd2 Nc6 11. Bxc4 Nxd4 12. O-O Bxc3 13. bxc3 Nf5 14. g4 Nh6
15. Bxd5 exd5 16. e6 O-O 17. exf7+ Kh8 18. f3 Qf6 19. Rae1 Bd7 20. Rf2 Rxf7 21.
Nxf7+ Nxf7 22. Qxd5 Bc6 23. Qd4 Qh4 24. Bf4 a6 25. Bg3 Qf6 26. h4 Rd8 27. Qc5
1-0

[Event "EYg16, Budva YUG"]
[Site "?"]
[Date "2003.??.??"]
[Round "1"]
[White "Efremova, Y."]
[Black "Franciskovic, B."]
[Result "1/2-1/2"]
[WhiteElo "2230"]
[BlackElo "2030"]
[PlyCount "119"]
[EventDate "2003.??.??"]

1. Nf3 Nf6 2. b3 e6 3. Bb2 Be7 4. e3 c5 5. Be2 b6 6. O-O Bb7 7. d3 O-O 8. c4 d6
9. Qc2 Nbd7 10. a3 Qc7 11. Nbd2 a6 12. Rac1 Rac8 13. Qb1 Qb8 14. b4 cxb4 15.
axb4 d5 16. Bc3 Rfd8 17. Qb2 Bf8 18. Rfd1 Qa8 19. Bf1 dxc4 20. dxc4 Ne4 21.
Nxe4 Bxe4 22. Ne5 Nxe5 23. Bxe5 Rxd1 24. Rxd1 a5 25. bxa5 bxa5 26. f3 Bc6 27.
Bd3 h6 28. Kf2 a4 29. Bb1 a3 30. Qc2 g6 31. Ba1 Bg7 32. Bxg7 Kxg7 33. Ba2 Kh7
34. Qc3 Rb8 35. Rd2 Qa4 36. h4 h5 37. Kg3 Qa7 38. Kf2 Qa4 39. Qe5 Qb4 40. Re2
Ba4 41. Qd4 Bb3 42. Bxb3 Qxb3 43. Kg3 a2 44. Qf6 Kg8 45. Qa1 Ra8 46. Re1 Qxc4
47. Rd1 Qc7+ 48. Kh3 Qc2 49. Rh1 Ra3 50. Kg3 Qc7+ 51. Kf2 Rc3 52. Rd1 Qc5 53.
Kg3 Qe5+ 54. Kh3 Rxe3 55. Qxa2 Re2 56. Rd8+ Kg7 57. Qa3 Qf5+ 58. Kg3 Qe5+ 59.
Kh3 Qf5+ 60. Kg3 1/2-1/2

[Event "EYg16, Budva YUG"]
[Site "?"]
[Date "2003.??.??"]
[Round "1"]
[White "Djukic, Sa"]
[Black "Purtseladze, M."]
[Result "0-1"]
[WhiteElo "2030"]
[BlackElo "2215"]
[PlyCount "70"]
[EventDate "2003.??.??"]

1. d4 Nf6 2. c4 e6 3. Nc3 Bb4 4. Bg5 h6 5. Bh4 c5 6. d5 b5 7. e4 g5 8. Bg3 Nxe4
9. Be5 O-O 10. Bd3 exd5 11. Bxe4 dxe4 12. Qd5 Nc6 13. Bd6 Qf6 14. Nge2 Bxc3+
15. bxc3 Nb4 16. cxb4 Qxa1+ 17. Qd1 Qxd1+ 18. Kxd1 Re8 19. bxc5 bxc4 20. Nd4
Bb7 21. Ke2 Bd5 22. Rc1 a6 23. Ke3 Ra7 24. Nf5 Be6 25. Kxe4 Bxf5+ 26. Kxf5 Rb7
27. Rxc4 Rb2 28. Bg3 Rxa2 29. h4 Rd2 30. hxg5 Rd5+ 31. Kg4 hxg5 32. Rc2 a5 33.
Bd6 a4 34. Ra2 Re4+ 35. Kh5 Rh4# 0-1

[Event "EYg16, Budva YUG"]
[Site "?"]
[Date "2003.??.??"]
[Round "1"]
[White "Kezele, T."]
[Black "Burtasova, A."]
[Result "0-1"]
[WhiteElo "2020"]
[BlackElo "2200"]
[PlyCount "42"]
[EventDate "2003.??.??"]

1. e4 c5 2. Nf3 e6 3. c3 d5 4. exd5 exd5 5. d4 Nf6 6. h3 Be7 7. Bd3 O-O 8. O-O
Nc6 9. dxc5 Bxc5 10. Bg5 h6 11. Bh4 Qd6 12. Re1 g5 13. Bg3 Qxg3 14. Kh1 Bxf2
15. Rf1 Ne4 16. Bxe4 dxe4 17. Nh2 Bb6 18. Rf6 Kg7 19. Nf1 Qe5 20. Rd6 e3 21.
Rd5 e2 0-1

[Event "EYg16, Budva YUG"]
[Site "?"]
[Date "2003.??.??"]
[Round "1"]
[White "Keskin, S."]
[Black "Bannikova, A."]
[Result "0-1"]
[WhiteElo "2005"]
[BlackElo "2195"]
[PlyCount "53"]
[EventDate "2003.??.??"]

1. d4 Nf6 2. Nf3 g6 3. g3 Bg7 4. Bg2 O-O 5. O-O d5 6. b3 Nbd7 7. Bb2 c6 8. Nbd2
Re8 9. c4 b5 10. Qc2 Bb7 11. Rfe1 Qb6 12. Rac1 Rac8 13. Qb1 a5 14. cxb5 cxb5
15. Rxc8 Rxc8 16. Rc1 Rxc1+ 17. Qxc1 b4 18. Ne5 Nxe5 19. dxe5 Ng4 20. Qd1 Bxe5
21. Bxe5 Nxe5 22. Nf3 Nxf3+ 23. Bxf3 d4 24. Bxb7 Qxb7 25. Qd2 Qd5 26. Qc2 e5
27. f4 0-1

[Event "EYg16, Budva YUG"]
[Site "?"]
[Date "2003.??.??"]
[Round "1"]
[White "Hegarty, S."]
[Black "Polagaeva, K."]
[Result "0-1"]
[WhiteElo "1870"]
[BlackElo "2190"]
[PlyCount "74"]
[EventDate "2003.??.??"]

1. e4 e6 2. d3 d5 3. Nd2 Nf6 4. Ngf3 b6 5. g3 dxe4 6. dxe4 Bb7 7. Qe2 Nbd7 8.
Bg2 Nc5 9. e5 Ba6 10. Qd1 Nd5 11. Bf1 Bxf1 12. Nxf1 Qd7 13. Ne3 O-O-O 14. Nxd5
Qxd5 15. Qxd5 Rxd5 16. O-O Be7 17. a3 h6 18. h4 Rhd8 19. b4 Na4 20. Be3 Nc3 21.
Kg2 c5 22. b5 f6 23. Bc1 Rd1 24. a4 Rxf1 25. Kxf1 Rd1+ 26. Kg2 Kb7 27. h5 fxe5
28. Bb2 Rxa1 29. Bxa1 Nxa4 30. Nxe5 Bf6 31. c4 a6 32. Kf3 axb5 33. cxb5 c4 34.
Ke3 c3 35. Nd3 Kc7 36. f4 Kd6 37. Nc1 Kc5 0-1

[Event "EYg16, Budva YUG"]
[Site "?"]
[Date "2003.??.??"]
[Round "2"]
[White "Gilbert, Je"]
[Black "Mar, K."]
[Result "1/2-1/2"]
[WhiteElo "2105"]
[BlackElo "2200"]
[PlyCount "42"]
[EventDate "2003.??.??"]

1. d4 d5 2. c4 c6 3. cxd5 cxd5 4. Bf4 Qb6 5. Qd2 Bf5 6. Nc3 Nf6 7. e3 a6 8. Rc1
Nc6 9. f3 e6 10. Nge2 Bb4 11. g4 Bg6 12. Kf2 Rc8 13. h4 h5 14. g5 Nd7 15. Bg3
Bf5 16. Nf4 g6 17. Kg2 O-O 18. Bd3 Bxd3 19. Nxd3 Be7 20. Na4 Qa5 21. Qxa5 Nxa5
1/2-1/2

[Event "EYg16, Budva YUG"]
[Site "?"]
[Date "2003.??.??"]
[Round "2"]
[White "Rozic, V."]
[Black "Borosova, Z."]
[Result "1-0"]
[WhiteElo "2135"]
[BlackElo "2055"]
[PlyCount "53"]
[EventDate "2003.??.??"]

1. d4 Nf6 2. Nf3 e6 3. Bg5 c5 4. c3 h6 5. Bf4 b6 6. e3 Bb7 7. Bd3 Be7 8. O-O
O-O 9. Qe2 d5 10. Nbd2 Nbd7 11. Ne5 c4 12. Bc2 b5 13. f3 Nh5 14. h3 Bh4 15. Bh2
Ng3 16. Bxg3 Bxg3 17. f4 Nxe5 18. fxe5 Bh4 19. Nf3 Be7 20. a3 a5 21. Nh2 b4 22.
Qh5 b3 23. Bb1 Bg5 24. Ng4 g6 25. Nxh6+ Kg7 26. Rxf7+ Kh8 27. Rh7+ 1-0

[Event "EYg16, Budva YUG"]
[Site "?"]
[Date "2003.??.??"]
[Round "2"]
[White "Saulyte, G."]
[Black "Kezele, T."]
[Result "1-0"]
[WhiteElo "2010"]
[BlackElo "2020"]
[PlyCount "85"]
[EventDate "2003.??.??"]

1. d4 Nf6 2. c4 e6 3. Nc3 d5 4. Bg5 Be7 5. e3 h6 6. Bh4 O-O 7. Nf3 Ne4 8. Bxe7
Qxe7 9. Qc2 Nxc3 10. Qxc3 a5 11. a3 dxc4 12. Bxc4 b6 13. O-O Bb7 14. Be2 Rc8
15. b4 axb4 16. axb4 Nc6 17. b5 Na5 18. Ne5 c5 19. bxc6 Bxc6 20. Nxc6 Rxc6 21.
Qxc6 Nxc6 22. Rxa8+ Kh7 23. Bd3+ g6 24. Be4 Na5 25. Rb1 Qc7 26. h3 Kg7 27. Ra6
Nc4 28. Bd3 Nd2 29. Rd1 Qc3 30. Ra2 Qxd3 31. Rdxd2 Qc3 32. Rdc2 Qb4 33. Rab2
Qa5 34. Rb1 e5 35. dxe5 Qxe5 36. Rcb2 h5 37. Rxb6 Qc3 38. Rb7 Qc4 39. Re7 Kh6
40. Rbb7 f6 41. f4 g5 42. Rg7 Qc1+ 43. Kh2 1-0

[Event "EYg16, Budva YUG"]
[Site "?"]
[Date "2003.??.??"]
[Round "3"]
[White "Raeva, E."]
[Black "Khudaverdieva, A."]
[Result "1/2-1/2"]
[WhiteElo "2190"]
[BlackElo "2075"]
[PlyCount "74"]
[EventDate "2003.??.??"]

1. d4 Nf6 2. c4 g6 3. Nc3 d5 4. Nf3 Bg7 5. Bf4 O-O 6. e3 c5 7. Be2 Nc6 8. O-O
cxd4 9. exd4 Bf5 10. a3 Rc8 11. c5 Ne4 12. Rc1 Nxc3 13. Rxc3 Be4 14. Be3 e5 15.
Rb3 Bxf3 16. Bxf3 exd4 17. Bf4 Na5 18. Rb5 Nc4 19. Rxb7 Rxc5 20. b4 Rc6 21.
Rxa7 Qb6 22. Rd7 Nxa3 23. Bxd5 Rf6 24. Bg5 Rf5 25. Be7 Qb5 26. Bxf8 Qxd7 27.
Bxg7 Rxd5 28. Bf6 Nb5 29. Qa4 Qc6 30. Be7 Rd7 31. Bc5 Rd8 32. h3 d3 33. Rd1 Qb7
34. Qb3 Qe4 35. Be3 Nd4 36. Bxd4 Rxd4 37. b5 d2 1/2-1/2

[Event "EYg16, Budva YUG"]
[Site "?"]
[Date "2003.??.??"]
[Round "3"]
[White "Rogule, L."]
[Black "Burtasova, A."]
[Result "1-0"]
[WhiteElo "2250"]
[BlackElo "2200"]
[PlyCount "75"]
[EventDate "2003.??.??"]

1. e4 c5 2. Nc3 Nc6 3. g3 g6 4. Bg2 Bg7 5. d3 Rb8 6. Be3 d6 7. Nge2 b5 8. Qd2
b4 9. Nd1 e5 10. f4 Nd4 11. O-O Bg4 12. Bxd4 cxd4 13. h3 Bxe2 14. Qxe2 Nf6 15.
f5 Nh5 16. Qf2 Qg5 17. Kh2 O-O 18. b3 Kh8 19. Nb2 gxf5 20. h4 Qh6 21. Qxf5 Rg8
22. Rf3 d5 23. Raf1 Rb6 24. exd5 Rg6 25. Nc4 Bf6 26. Nd6 Qf8 27. Ne4 Bxh4 28.
Qxe5+ Qg7 29. Qxg7+ R6xg7 30. gxh4 Rxg2+ 31. Kh3 f5 32. Ng5 Rxc2 33. Rxf5 Ng3
34. Nf7+ Kg7 35. Rg5+ Kf8 36. Rxg3 Rxg3+ 37. Kxg3 Rxa2 38. d6 1-0

[Event "EYg16, Budva YUG"]
[Site "?"]
[Date "2003.??.??"]
[Round "3"]
[White "Bannikova, A."]
[Black "Fominykh, M."]
[Result "0-1"]
[WhiteElo "2195"]
[BlackElo "2235"]
[PlyCount "88"]
[EventDate "2003.??.??"]

1. e4 c5 2. Nc3 Nc6 3. g3 g6 4. Bg2 Bg7 5. d3 d6 6. Be3 e6 7. Qd2 Nge7 8. Bh6
Bxh6 9. Qxh6 Nd4 10. Qd2 e5 11. Nce2 Be6 12. c3 Ndc6 13. Nf3 d5 14. Ng5 Bc8 15.
exd5 Nxd5 16. Bxd5 Qxd5 17. Ne4 Qd8 18. Nxc5 O-O 19. Nb3 a5 20. O-O-O a4 21.
Na1 Qd5 22. Kb1 Bf5 23. Nc2 Rfd8 24. Nc1 Be4 25. Rhg1 Bf3 26. Rdf1 e4 27. d4
Qa5 28. g4 Ra6 29. Ne1 Ne5 30. Nxf3 Nxf3 31. Qe3 Nxg1 32. Rxg1 Rb6 33. Ne2 Qb5
34. Qd2 Re8 35. Rg3 Rf6 36. Nc1 Qf1 37. Qc2 Rxf2 38. Qxa4 b5 39. Qa7 Rxh2 40.
d5 Rh1 41. Qe3 Rd8 42. a3 Rxd5 43. Qxe4 Qxc1+ 44. Ka2 Rh2 0-1

[Event "EYg16, Budva YUG"]
[Site "?"]
[Date "2003.??.??"]
[Round "3"]
[White "Schneider, Ve"]
[Black "Purtseladze, M."]
[Result "0-1"]
[WhiteElo "2090"]
[BlackElo "2215"]
[PlyCount "74"]
[EventDate "2003.??.??"]

1. e4 c6 2. c4 d5 3. cxd5 cxd5 4. exd5 Nf6 5. Bb5+ Nbd7 6. Nc3 a6 7. Be2 g6 8.
d4 Bg7 9. Nf3 O-O 10. O-O Nb6 11. Ne5 Nbxd5 12. Bf3 Be6 13. Bg5 Rc8 14. Qd2 b5
15. Rac1 Qd6 16. Ne2 Qb4 17. Qxb4 Nxb4 18. a3 Nbd5 19. Nc6 Rfe8 20. Nf4 Nxf4
21. Bxf4 Kf8 22. Ne5 Bd5 23. Be2 Red8 24. Rc5 Rxc5 25. dxc5 Bb3 26. c6 Nd5 27.
Nd7+ Ke8 28. Be5 Bxe5 29. Nxe5 Rc8 30. Bd1 Bxd1 31. Rxd1 e6 32. Rc1 Ke7 33. Nd3
Kd6 34. Nc5 Rxc6 35. Ne4+ Kd7 36. Rxc6 Kxc6 37. Ng5 Kc5 0-1

[Event "EYg16, Budva YUG"]
[Site "?"]
[Date "2003.??.??"]
[Round "3"]
[White "Czarnota, D."]
[Black "Klimets, E."]
[Result "1/2-1/2"]
[WhiteElo "2215"]
[BlackElo "2000"]
[PlyCount "95"]
[EventDate "2003.??.??"]

1. e4 c6 2. d4 d5 3. e5 c5 4. dxc5 Nc6 5. Nf3 Bg4 6. Bb5 e6 7. b4 Nge7 8. Be3
Qc7 9. Bd4 O-O-O 10. Bxc6 Nxc6 11. c3 Bxf3 12. Qxf3 Nxe5 13. Qg3 Ng6 14. O-O e5
15. Be3 Be7 16. Na3 a6 17. Qf3 Bf6 18. Rad1 Ne7 19. Rfe1 Qc6 20. b5 axb5 21.
Qe2 Ng6 22. Nxb5 Kb8 23. Nd6 Rxd6 24. cxd6 Rd8 25. Rb1 Rxd6 26. Rec1 Bd8 27.
Rb3 Rd7 28. Qb2 Nh4 29. f3 Nf5 30. Bf2 Nd6 31. Qa3 b6 32. Rcb1 Nc4 33. Qf8 Kb7
34. Rb5 d4 35. cxd4 exd4 36. Qb4 Rd5 37. Qb3 Rxb5 38. Qxb5 Qxb5 39. Rxb5 Kc6
40. Rb1 d3 41. Rd1 d2 42. Kf1 Be7 43. Ke2 Bb4 44. Be3 Nb2 45. Rb1 d1=Q+ 46.
Rxd1 Nxd1 47. Kxd1 Bc5 48. Bc1 1/2-1/2

[Event "EYg16, Budva YUG"]
[Site "?"]
[Date "2003.??.??"]
[Round "3"]
[White "Gilbert, Je"]
[Black "Kovanova, B."]
[Result "1/2-1/2"]
[WhiteElo "2105"]
[BlackElo "2180"]
[PlyCount "33"]
[EventDate "2003.??.??"]

1. d4 d5 2. c4 e6 3. Nc3 f5 4. Nf3 Nf6 5. Bf4 c6 6. e3 Bd6 7. Bd3 O-O 8. O-O b6
9. Qc2 Ne4 10. Bxd6 Qxd6 11. Ne5 Nd7 12. f4 Bb7 13. Nxe4 dxe4 14. Be2 Nxe5 15.
dxe5 Qe7 16. c5 Rad8 17. cxb6 1/2-1/2

[Event "EYg16, Budva YUG"]
[Site "?"]
[Date "2003.??.??"]
[Round "3"]
[White "Padurariu, S."]
[Black "Zawadzka, J."]
[Result "1/2-1/2"]
[WhiteElo "2100"]
[BlackElo "2275"]
[PlyCount "62"]
[EventDate "2003.??.??"]

1. b3 e5 2. Bb2 Nc6 3. e3 d5 4. Bb5 Bd6 5. f4 Qh4+ 6. g3 Qe7 7. Nf3 f6 8. Qe2
Nh6 9. Nc3 Be6 10. O-O-O Qd7 11. Bxc6 Qxc6 12. Nb5 Nf7 13. Nxd6+ cxd6 14. d4
Rc8 15. dxe5 dxe5 16. fxe5 fxe5 17. Nxe5 Nxe5 18. Bxe5 Bg4 19. Qd2 Bxd1 20.
Rxd1 O-O 21. Qxd5+ Qxd5 22. Rxd5 Rf5 23. e4 Rf1+ 24. Rd1 Rxd1+ 25. Kxd1 Rd8+
26. Kc1 Re8 27. Bd4 Rxe4 28. Bxa7 Re2 29. h4 Kf7 30. a4 Ke6 31. Kb2 Kd5 1/2-1/2

[Event "EYg16, Budva YUG"]
[Site "?"]
[Date "2003.??.??"]
[Round "3"]
[White "Malysheva, P."]
[Black "Saulyte, G."]
[Result "1-0"]
[WhiteElo "2155"]
[BlackElo "2010"]
[PlyCount "69"]
[EventDate "2003.??.??"]

1. e4 c5 2. Nf3 d6 3. c3 Nf6 4. h3 Nc6 5. Bd3 e6 6. Bc2 Be7 7. O-O O-O 8. a3 b5
9. d4 c4 10. Qe2 Bb7 11. Bg5 Nd7 12. Bf4 Qb6 13. Nbd2 Rfe8 14. e5 dxe5 15. dxe5
Nf8 16. Ne4 Ng6 17. Bg3 h6 18. Rad1 Red8 19. Nd6 Nf8 20. Bh4 Bxh4 21. Nxh4 Rd7
22. Be4 Na5 23. Qg4 Rad8 24. Rde1 Bxe4 25. Nxe4 Kh8 26. Re3 Nh7 27. Rg3 Rg8 28.
Nf6 Nxf6 29. exf6 g6 30. Nf3 Rd5 31. Qf4 Kh7 32. h4 Rf5 33. Ng5+ Rxg5 34. hxg5
h5 35. Qe4 1-0

[Event "EYg16, Budva YUG"]
[Site "?"]
[Date "2003.??.??"]
[Round "3"]
[White "Vasiliev, Olg"]
[Black "Kozak, Ma"]
[Result "1-0"]
[WhiteElo "2185"]
[BlackElo "2055"]
[PlyCount "59"]
[EventDate "2003.??.??"]

1. e4 e6 2. d4 d5 3. e5 c5 4. c3 Nc6 5. Nf3 Bd7 6. Be2 Qb6 7. a3 c4 8. Nbd2 Na5
9. O-O f6 10. Rb1 Nh6 11. h3 Nf7 12. exf6 gxf6 13. b3 cxb3 14. c4 Bc6 15. c5
Qc7 16. Nxb3 Nxb3 17. Qxb3 Bg7 18. Re1 O-O-O 19. Bb5 Rde8 20. Bd2 e5 21. Ba5
Qd7 22. Ba6 Nh6 23. Rec1 e4 24. Nh4 f5 25. Bxb7+ Qxb7 26. Qg3 Re7 27. Rxb7 Rxb7
28. Qd6 Ba4 29. c6 Rf7 30. Rb1 1-0

[Event "EYg16, Budva YUG"]
[Site "?"]
[Date "2003.??.??"]
[Round "3"]
[White "Cherenkova, K."]
[Black "Franciskovic, B."]
[Result "1-0"]
[WhiteElo "2170"]
[BlackElo "2030"]
[PlyCount "133"]
[EventDate "2003.??.??"]

1. e4 c6 2. Nc3 d5 3. Nf3 Bg4 4. h3 Bxf3 5. Qxf3 e6 6. exd5 cxd5 7. d4 Nc6 8.
Bb5 Be7 9. O-O Bf6 10. Ne2 Nge7 11. c3 O-O 12. Ng3 a6 13. Bd3 Ng6 14. Rd1 Re8
15. Nh5 Bg5 16. Qg4 Bxc1 17. Raxc1 Qb6 18. Rc2 e5 19. Bf5 Rad8 20. dxe5 Ncxe5
21. Qd4 Qxd4 22. cxd4 Nc4 23. b3 Nd6 24. Bxg6 fxg6 25. Ng3 Rc8 26. Rc5 Ne4 27.
Nxe4 dxe4 28. Re1 Rxc5 29. dxc5 Rc8 30. b4 a5 31. a3 axb4 32. axb4 b6 33. cxb6
Rc4 34. Rb1 Rc6 35. Kf1 Kf7 36. Ke2 Ke6 37. Ke3 Ke5 38. b7 Rb6 39. b5 Rxb7 40.
b6 Kd5 41. h4 h6 42. g3 Ke5 43. Rb5+ Kd6 44. Kxe4 Ke6 45. f4 Kd6 46. Kf3 Kc6
47. Rb3 Rxb6 48. Rxb6+ Kxb6 49. Kg4 Kc6 50. h5 Kd6 51. hxg6 Ke6 52. Kh4 Kf5 53.
Kh5 Ke6 54. g4 Kf6 55. f5 Ke7 56. g5 hxg5 57. Kxg5 Kf8 58. Kf4 Ke8 59. Ke4 Kf8
60. Kd5 Ke7 61. Ke5 Kf8 62. Kd6 Ke8 63. Ke6 Kf8 64. Kd7 Kg8 65. Ke7 Kh8 66. f6
gxf6 67. Kf7 1-0

[Event "EYg16, Budva YUG"]
[Site "?"]
[Date "2003.??.??"]
[Round "3"]
[White "Efremova, Y."]
[Black "Bjeloglav, M."]
[Result "0-1"]
[WhiteElo "2230"]
[BlackElo "2015"]
[PlyCount "132"]
[EventDate "2003.??.??"]

1. e4 c5 2. Nf3 Nc6 3. d4 cxd4 4. Nxd4 Nf6 5. Nc3 e5 6. Nb3 Bb4 7. Bd3 d5 8.
exd5 Nxd5 9. Bd2 Nxc3 10. bxc3 Be7 11. O-O O-O 12. Qe2 Be6 13. Rad1 Rc8 14. Kh1
f5 15. Be3 Qc7 16. f3 b6 17. Ba6 Rcd8 18. Bc4 Bxc4 19. Qxc4+ Kh8 20. a4 Rd7 21.
Rd3 Nb8 22. Qxc7 Rxc7 23. a5 bxa5 24. Nxa5 Rfc8 25. Bd2 Bf6 26. Rb1 Na6 27. Rd6
Nc5 28. c4 Na4 29. Be3 Nc5 30. Rd5 Ne6 31. Rdb5 h6 32. Nb7 a6 33. Rb6 Rc6 34.
Nd6 R8c7 35. Nxf5 Nd4 36. Bxd4 exd4 37. Rxc6 Rxc6 38. Rb4 Re6 39. Kg1 Re2 40.
Nd6 Rxc2 41. Rb3 Kh7 42. Rd3 Be5 43. Ne4 Rxc4 44. Ra3 Rc6 45. Ra5 Bf4 46. Rd5
Be3+ 47. Kf1 Rc1+ 48. Ke2 Rc2+ 49. Kf1 Ra2 50. h4 Ra1+ 51. Ke2 Ra2+ 52. Kf1 a5
53. h5 a4 54. Rd7 Kg8 55. Nd6 Rf2+ 56. Ke1 a3 57. Rd8+ Kh7 58. Nf7 g5 59. Ne5
a2 60. Rd7+ Kg8 61. Rd8+ Kg7 62. Rd7+ Kf8 63. Ng6+ Ke8 64. Ra7 Rxg2 65. Ra8+
Kd7 66. Nf8+ Kc6 0-1

[Event "EYg16, Budva YUG"]
[Site "?"]
[Date "2003.??.??"]
[Round "4"]
[White "Fominykh, M."]
[Black "Rogule, L."]
[Result "1-0"]
[WhiteElo "2235"]
[BlackElo "2250"]
[PlyCount "53"]
[EventDate "2003.??.??"]

1. d4 d5 2. Nf3 Nf6 3. c4 e6 4. e3 Nbd7 5. Nc3 c6 6. b3 Bd6 7. Bb2 O-O 8. Bd3
e5 9. cxd5 cxd5 10. dxe5 Nxe5 11. Be2 Be6 12. Nd4 Rc8 13. O-O Nfg4 14. Nxe6
Nf3+ 15. Bxf3 Bxh2+ 16. Kh1 Nxf2+ 17. Rxf2 Qh4 18. Qd4 Bf4+ 19. Kg1 Qh2+ 20.
Kf1 Be5 21. Qxd5 fxe6 22. Qxe6+ Kh8 23. g3 Qxg3 24. Ne2 Qh4 25. Bxe5 Rce8 26.
Qg4 Qh6 27. Rh2 1-0

[Event "EYg16, Budva YUG"]
[Site "?"]
[Date "2003.??.??"]
[Round "4"]
[White "Purtseladze, M."]
[Black "Czarnota, D."]
[Result "0-1"]
[WhiteElo "2215"]
[BlackElo "2215"]
[PlyCount "79"]
[EventDate "2003.??.??"]

1. d4 Nf6 2. c4 g6 3. Nc3 Bg7 4. Nf3 O-O 5. Bg5 c5 6. d5 Qa5 7. Qd2 d6 8. e4 e6
9. Bd3 exd5 10. Nxd5 Qxd2+ 11. Nxd2 Nxd5 12. cxd5 Bxb2 13. Rb1 Bc3 14. Be7 Re8
15. Bxd6 c4 16. Bc2 f5 17. Kd1 fxe4 18. Nxc4 Bg4+ 19. Kc1 Be2 20. Ne3 Na6 21.
Rxb7 Rec8 22. Bxe4 Bb4+ 23. Rc7 Nxc7 24. Bxb4 Na6+ 25. Kd2 Nxb4 26. Kxe2 Nxa2
27. Kd3 Nc3 28. f3 Nb5 29. Nc4 Rc5 30. Ra1 Rac8 31. Ra5 Rxc4 32. Rxb5 R4c5 33.
Rb7 R8c7 34. Rb8+ Kf7 35. d6 Rd7 36. Kd4 Ra5 37. Bd5+ Kg7 38. Ke5 Ra6 39. Rb7
Raxd6 40. Rb5 0-1

[Event "EYg16, Budva YUG"]
[Site "?"]
[Date "2003.??.??"]
[Round "4"]
[White "Klimets, E."]
[Black "Mar, K."]
[Result "1-0"]
[WhiteElo "2000"]
[BlackElo "2200"]
[PlyCount "117"]
[EventDate "2003.??.??"]

1. e4 e5 2. Nc3 Nf6 3. Bc4 Nc6 4. d3 Na5 5. Nge2 Bc5 6. O-O Nxc4 7. dxc4 O-O 8.
Bg5 h6 9. Bh4 Be7 10. Bg3 d6 11. f3 Be6 12. b3 Nh5 13. Bf2 Qd7 14. Kh1 Rfd8 15.
g4 Nf6 16. Nd5 c6 17. h3 Nh7 18. Ng3 Bh4 19. Qe2 cxd5 20. cxd5 Bxd5 21. exd5
Bxg3 22. Bxg3 Re8 23. c4 Rac8 24. Rae1 Qc7 25. Qh2 Qc5 26. f4 f6 27. Bf2 Qa5
28. Re2 b6 29. Rfe1 Qa6 30. Bg3 Qb7 31. Qg2 Nf8 32. h4 Qf7 33. Bh2 Ng6 34. h5
Nxf4 35. Bxf4 exf4 36. Re6 Rxe6 37. dxe6 Qe7 38. Qf3 f5 39. Qh3 fxg4 40. Qxg4
Qg5 41. Qxg5 hxg5 42. Rd1 Rd8 43. Rd5 Re8 44. Rxd6 Kh7 45. b4 Re7 46. c5 bxc5
47. bxc5 Kh6 48. Rd7 Re8 49. e7 Kxh5 50. c6 Kg4 51. Kg2 f3+ 52. Kf2 Rb8 53.
Rd4+ Kf5 54. Rd8 Rb2+ 55. Kxf3 g4+ 56. Kg3 Rxa2 57. e8=Q Ra3+ 58. Kg2 Ra2+ 59.
Kf1 1-0

[Event "EYg16, Budva YUG"]
[Site "?"]
[Date "2003.??.??"]
[Round "4"]
[White "Hegarty, S."]
[Black "Pambalou, F."]
[Result "1/2-1/2"]
[WhiteElo "1870"]
[BlackElo "2045"]
[PlyCount "105"]
[EventDate "2003.??.??"]

1. e4 c5 2. Nc3 Nc6 3. g3 g6 4. Bg2 Bg7 5. d3 e6 6. Be3 d6 7. Qd2 Nge7 8. Bh6
O-O 9. h4 Bxh6 10. Qxh6 Kh8 11. h5 Ng8 12. Qd2 g5 13. Nge2 Nd4 14. Nxd4 cxd4
15. Ne2 e5 16. f4 f6 17. O-O-O Be6 18. a3 h6 19. Rdf1 Qc7 20. Bh3 Bf7 21. fxg5
fxg5 22. Bf5 Kg7 23. Ng1 b5 24. Nf3 Qe7 25. Qa5 Rfb8 26. g4 Nf6 27. Qd2 Ne8 28.
Qf2 b4 29. axb4 Rxb4 30. Bg6 Be6 31. Bf5 Nc7 32. Nd2 Rf8 33. Qe1 Rfb8 34. b3 a5
35. Qf2 Rf8 36. Kd1 a4 37. bxa4 Rxa4 38. Ke2 Nb5 39. Ra1 Nc3+ 40. Kf3 Rfa8 41.
Rxa4 Rxa4 42. Bxe6 Qxe6 43. Kg3 Qf6 44. Qxf6+ Kxf6 45. Rf1+ Ke7 46. Nc4 Ra2 47.
Rf2 Ke6 48. Kg2 d5 49. exd5+ Nxd5 50. Kg3 Nb4 51. Rf5 Nc6 52. Rf2 Nb4 53. Rf5
1/2-1/2